| 000 | 00647nam a22002297a 4500 | ||
|---|---|---|---|
| 999 |
_c24278 _d24278 |
||
| 001 | 7973752 | ||
| 003 | OSt | ||
| 005 | 20210127100655.0 | ||
| 008 | 170306b xxu||||| |||| 00| 0 eng d | ||
| 010 | _a 62052801 | ||
| 020 | _a0385095406 | ||
| 040 |
_aMMU _cMMU _dMMU _beng |
||
| 050 | 0 | 0 |
_aB801 _b.R37 1990 |
| 245 | 0 | 4 | _aThe Rationalists / |
| 260 |
_aGarden City, N.Y.: _bDoubleday, _c1990. |
||
| 300 |
_a471 p.: _c18 cm. |
||
| 600 | 1 | 0 |
_aLeibniz, Gottfried Wilhelm, _cFreiherr von, _d1646-1716. |
| 650 | 0 | _aRationalisim. | |
| 700 | 1 |
_aDescartes, René, _d1596-1650. |
|
| 700 | 1 |
_aSpinoza, Benedictus de, _d1632-1677. |
|
| 942 |
_2lcc _cLOAN LOAN |
||